Mapping Memories (Record no. 171839)

MARC details
000 -LEADER
fixed length control field 00522nam a2200181 4500
005 - DATE AND TIME OF LATEST TRANSACTION
control field 20200121164830.0
010 ## - LCCN (DPL NO)
LC control number ENG-127493
020 ## - INTERNATIONAL STANDARD BOOK NUMBER
Terms of availability 175.00
International Standard Book Number 8185586764
035 ## - SYSTEM CONTROL NUMBER
System control number EN-111025
037 ## - SOURCE OF ACQUISITION
Source of stock number/acquisition DBAD/PUB
082 ## - DEWEY DECIMAL CLASSIFICATION NUMBER
Classification number S
245 ## - TITLE STATEMENT
Title Mapping Memories
Statement of responsibility, etc edited by Sukrita Paul, Muhammad Ali Siddiqui
260 ## - PUBLICATION, DISTRIBUTION, ETC. (IMPRINT)
Place of publication, distribution, etc New Delhi
Name of publisher, distributor, etc Katha Urdu Library
Date of publication, distribution, etc 1998
270 ## - ADDRESS
Address A-3 Sarvodaya Enclave Sri Aurobindo Marg
City New Delhi
Postal code 110017
300 ## - PHYSICAL DESCRIPTION
Extent 225p.
Dimensions 21cm(hb)
700 ## - ADDED ENTRY--PERSONAL NAME
Personal name Paul,Sukrita
942 ## - ADDED ENTRY ELEMENTS (KOHA)
Source of classification or shelving scheme Dewey Decimal Classification
Item type English Books
Classification part S
Call number suffix MAP
Holdings
Withdrawn status Lost status Not for loan Collection code Home library Current library Date acquired Source of acquisition Cost, normal purchase price Full call number Barcode Copy number Cost, replacement price Koha item type
      Non-fiction D.B.Act.Division Mobile Library 12/12/2022 DBAD/PUB 175.00 S MAP EN-119364 1 175.00 English Books
      Fiction Sarojini Nagar Sarojini Nagar 21/01/2020 DBAD/PUB 175.00 S MAP EN-111025 1 175.00 English Books

© Delhi Public Library
Hit Counter
free hit counter